00893nam a2200229 a 450000100100000000500170001000800410002704000250006808200200009310000270011324500810014026000360022130000270025750000640028459000260034865000280037465000310040270000490043391000370048295201270051999900170064600002846820240412074253.0110408s1995 dr 000 p spa d aDO-SdBNPbspacBNPHU aRD861.44bT693t1 aTorres, Alfonso92645610aTras la lluvia /cAlfonso Torres ; prólogo Ángela Hernández Núñez. aSanto Domingo :bBúho,c1995. a62 p. :bil. ;c21 cm. aIncluye datos biográficos del autor en la contracubierta. aInventariado, 2019/LP 0aPoesía dominicana966 0aLiteratura dominicana.9671 aHernández, Ángela,d1954-epról.92564 aValidado. Control de calidad EMS 001054708PDaPDbPDcHDd2011-04-08iLF1l0oRD861.44 T693tp28468-10r2020-06-25w2020-06-25yLFPDZPréstamo en sala c27960d27960